01118cam a2200253 a 450000100060000000300080000600500170001400800410003102000150007203500220008704000320010904100080014108200250014910000520017424501570022626000780038330000430046150400540050452001010055860000400065960000760069965100290077565100600080438336BD-RjUL20211209052757.0151107s2004 ii b 000 0 beno  a8129501813 a(DLC) 2003312974 aDLCcDLCdDLCdBD-RjULbben aben 222a954.14bBAM 20041 aবসু, শ্যামাপ্রসাদ10aমুর্শিদকুলি খাঁর আমলে বাংলা, ১৭০০-১৭২৭ /cশ্যামাপ্রসাদ বসু aকলকাতা :bদে'জ পাবলিশিং,c২০০৪. a১৯২ প. ;c২২ সেমি. aIncludes bibliographical references (p. 185-192). aHistory of Bengal between 1700 and 1727, at the time of ruler Murśidakuli Khām̐, died 1727.00aMurśidakuli Khām̐,d1700-1727.00aমুর্শিদকুলি খাঁd১৭০০-১৭২৭  0aBengal (India)xHistory. 0aবেঙ্গল (ভারত) xইতিহাস